La invasión fotovoltaica de los campos de España : (Record no. 192628)

MARC details
000 -LEADER
campo de control de longitud fija 01165nam a2200313 i 4500
001 - NÚMERO DE CONTROL
campo de control 192628
003 - IDENTIFICADOR DE NÚMERO DE CONTROL
campo de control SpMaBN
005 - FECHA Y HORA DE LA ÚLTIMA TRANSACCIÓN
campo de control 20240223063035.0
007 - CAMPO FIJO DE DESCRIPCIÓN FÍSICA--INFORMACIÓN GENERAL
campo de control de longitud fija ta
008 - DATOS DE LONGITUD FIJA--INFORMACIÓN GENERAL
campo de control de longitud fija 230504s2021 sp | |||| 000 0 spa
017 ## - NÚMERO DE COPYRIGHT O DE DEPÓSITO LEGAL
Número de copyright o de depósito legal AL 2241-2021
Agencia que asigna Oficina Depósito Legal Almería
020 ## - NÚMERO INTERNACIONAL ESTÁNDAR DEL LIBRO
Número Internacional Estándar del Libro 9788411111171
040 ## - FUENTE DE CATALOGACIÓN
Centro catalogador/agencia de origen SpMaBN
Lengua de catalogación spa
Centro/agencia transcriptor ES-MaACL
Normas de descripción rda
080 ## - NÚMERO DE LA CLASIFICACIÓN DECIMAL UNIVERSAL
Número de la Clasificación Decimal Universal 621.311.243(460):502 621.383.51
100 1# - ENTRADA PRINCIPAL--NOMBRE DE PERSONA
Nombre de persona Portillo Pasqual del Riquelme, Luis,
Fechas asociadas al nombre 1945-
Término indicativo de función/relación Autor
9 (RLIN) 176408
245 13 - MENCIÓN DEL TÍTULO
Título La invasión fotovoltaica de los campos de España :
Resto del título la batalla de Méntrida y de muchos otros pueblos /
Mención de responsabilidad, etc. Luis Portillo Pasqual del Riquelme
250 ## - MENCION DE EDICION
Mención de edición Primera edición: octubre 2021
264 #1 - PRODUCCIÓN, PUBLICACIÓN, DISTRIBUCIÓN, FABRICACIÓN Y COPYRIGHT
Producción, publicación, distribución, fabricación y copyright [Roquetas de Mar (Almería)] :
Nombre del de productor, editor, distribuidor, fabricante Círculo Rojo,
Fecha de producción, publicación, distribución, fabricación o copyright 2021
300 ## - DESCRIPCIÓN FÍSICA
Extensión 216 páginas :
Otras características físicas fotografías (color) ;
Dimensiones 21 cm
336 ## - TIPO DE CONTENIDO
Término de tipo de contenido Texto
Fuente rdacontent
337 ## - TIPO DE MEDIO
Nombre/término del tipo de medio sin mediación
Fuente rdamedia
338 ## - TIPO DE SOPORTE
Nombre/término del tipo de soporte volumen
Fuente rdacarrier
500 ## - NOTA GENERAL
Nota general Índice
650 #7 - PUNTO DE ACCESO ADICIONAL DE MATERIA--TÉRMINO DE MATERIA
Término de materia o nombre geográfico como elemento de entrada Centrales solares
Fuente del encabezamiento o término embne
9 (RLIN) 176409
852 ## - LOCALIZACIÓN
Ubicación ES-MaACL
Sublocalización o colección R. 153348
Ubicación en estantería Depósito J
Número de control de estantería N-8255
Donativo/Legado Donación: Editorial
itemnumber 199922
942 ## - ELEMENTOS DE ENTRADA SECUNDARIOS (KOHA)
Tipo de ítem Koha Libro impreso
Suprimir en OPAC No
Holdings
Estatus retirado Estado de pérdida Fuente del sistema de clasificación o colocación Estado de daño No para préstamo Biblioteca de origen Biblioteca actual Ubicación en estantería Fecha de adquisición Fuente de adquisición Número de control de estantería Total de préstamos Signatura topográfica completa Código de barras Visto por última vez Tipo de ítem Koha
    Clasificación decimal universal     Biblioteca del Ateneo de Madrid Biblioteca del Ateneo de Madrid Depósito J 20/05/2022 Donación Ateneísta   N-8255 101205221 04/05/2023 Libro impreso